| 000 | 00795nam a2200265 u 4500 | ||
|---|---|---|---|
| 005 | 20230516105448.0 | ||
| 008 | 200212s1994 sp r 000 0 spa d | ||
| 020 | _a8439522487 | ||
| 035 | _aUPN01000235551 | ||
| 040 |
_aMX-MxUPN _bspa _cMX-MxUPN |
||
| 041 | 1 |
_aspa _hfre |
|
| 050 | 4 |
_aPQ2623 E8 _bD53 1994 |
|
| 100 | 1 |
_aLévy, Bernard-Henri, _d1948- _948912 |
|
| 240 |
_aLe diable en tete. _lEspañol |
||
| 245 | 1 | 3 | _aEl diablo en la cabeza |
| 260 |
_aMadrid, España : _bPlaneta Agostini, _c1994. |
||
| 300 | _a455 páginas | ||
| 500 | _aTraducción de: Le diable en tête. | ||
| 650 | 2 |
_aLiteratura francesa _ySiglo XX _919804 |
|
| 700 | 1 |
_aCalatayud, Emma _etraducción _948696 |
|
| 902 | _bNoemiAcosta/200423 | ||
| 905 | _aLibro | ||
| 942 |
_n0 _2lcc _cLIBRO |
||
| 999 |
_c207646 _d207646 |
||